000 01814nam0a2200373 4500
001 RU\NLR\BIBL_A\011387092
005 20260405084847.0
010 _a9785763834338
_9500
021 _aRU
_b2017-27633
_92043
035 _a(RuMoRGB)008858509
035 _a(NLR Aleph) 011387092
090 _a11433774
_c11433774
100 _a20170518d2016 k y0rusy50 ca
101 0 _arus
_aeng
102 _aRU
105 _aac||z|||000zy
200 1 _aКогнитивные основания учебного фреймового словаря
_eмонография
_fЕ.Н. Елина, Л.И. Кузнецова
_gМинистерство образования и науки Российской Федерации, Сибирский федеральный университет
210 _aКрасноярск
_cСФУ
_d2016
215 _a165 с.
_cцв. ил., портр.
_d20
300 _aЧасть текста на англ. яз.
320 _aБиблиогр.: с. 140-165 (312 назв.)
606 1 _aИностранные языки
_xПреподавание
_xФреймовый метод
_xВысшая школа
_92328103
_3RU\NLR\AUTH\6601616768
606 1 _aРусский язык
_xЛексикография
_91533951
_3RU\NLR\AUTH\66969533
610 0 _aфреймовый учебный словарь
686 _aШ141.2-916.3,0
_2rubbk
686 _aШ141.2-4в,0
_2rubbk
686 1 _aЧ486.17-25
686 1 _aШ141.12-4
700 1 _aЕлина
_bЕ. Н.
_cканд. пед. наук
_gЕлена Николаевна
_9179434
_3RU\NLR\AUTH\770179485
701 1 _8rus
_7ca
_aКузнецова
_bЛ. И.
_cлексикограф
_gЛариса Ивановна
_3RU\NLR\AUTH\7730980
_913995
942 _cBOOK
980 _aNBR